Biblioteca ESET

La Bonaerense | Historia Criminal (Registro nro. 502)

Detalles MARC
000 -CABECERA
fixed length control field 00619nam a2200229Ia 4500
003 - CONTROL NUMBER IDENTIFIER
control field AR-BeUNQ
005 - FECHA Y HORA DE LA ULTIMA TRANSACCION
control field 20240430131614.0
008 - ELEMENTOS DE LONGITUD FIJA-INFORMACION GENERAL
fixed length control field 221202s9999 xx 000 0 und d
020 ## - NUMERO INTERNACIONAL NORMALIZADO PARA LIBROS
Número Internacional Normalizado del libro 9507428267
040 ## - FUENTE DE CATALOGACION
Agencia de catalogación original AR-BeUNQ
Idioma de catalogación ESPAÑOL
Convenciones de la descripción aacr
Agencia que realiza la transcripción AR-BeUNQ
100 ## - ASIENTO PRINCIPAL-NOMBRE PERSONAL
Nombre personal Dutil, Carlos
245 #0 - MENCION DE TITULO
Título La Bonaerense
Otra información sobre el título Historia Criminal
250 ## - MENCION DE EDICION
Mención de edición 1a ed.
260 ## - PUBLICACION, DISTRIBUCION, ETC.
Lugar de publicación, distribución, etc. Buenos Aires
Nombre del editor, distribuidor, etc. Planeta
Fecha de publicación, distribución, etc 1997
300 ## - DESCRIPCION FISICA
Extensión 334 p. ;
Dimensiones 15 x 22 cm
490 ## - MENCION DE SERIE
Mención de serie Espejo de la Argentina
546 ## - NOTA DE IDIOMA
Nota de idioma Español
653 ## - TERMINO DE INDIZACION - NO CONTROLADO
Término de indización no controlado Investigación policial.
653 ## - TERMINO DE INDIZACION - NO CONTROLADO
Término de indización no controlado Politica
929 ## - DATOS DE ADQUISICION
Proveedor MEN
Fecha de recibido 2018
Procedencia DONACION
Número de inventario 58031
Patrimonio UNQ PAT0081515
942 ## - ELEMENTOS DE PUNTO DE ACCESO ADICIONAL (KOHA)
Tipo de ítem Koha Libros
Suppress in OPAC 0
Existencias
Estado de retiro Estado de pérdida Fecha de ingreso Total Checkouts Signatura topográfica completa Inventario Date last seen Tipo de ítem Koha
    02/12/2022   306 DUT 58031 02/12/2022 Libros

ESET UNQ

☏ 4365-7188
 Avenida República de Francia 1714 entre Doctor Kenny y Concordia, Ezpeleta, Bs As.
✉ secretaria_eset@unq.edu.ar

Con tecnología Koha